000 01609nam0a2200349 4500
001 RU\NLR\BIBL_A\022014911
005 20250625085350.0
010 _a978-5-6049937-9-8
_9500
021 _aRU
_b2023-46017
_9КН-П-4603
035 _a(RuMoRGB)011957382
035 _a(NLR Aleph) 022014911
090 _a12494626
_c12494626
100 _a20230830d2023 |||y0rusy50 ca
101 0 _arus
102 _aRU
105 _ay z 000zy
181 0 _ai4
_baxxe
182 0 _an
200 1 _aНовые медиа в политическом процессе России
_eмонография
_fА. А. Малькевич
_gМинистерство образования и науки Российской Федерации, Северо-Кавказский федеральный университет
203 _aТекст
_bвизуальный
_cнепосредственный
210 _aПятигорск
_aСтаврополь
_cРИА-КМВ
_d2023
215 _a367 с.
_d21
320 _aБиблиогр.: с. 320-367 (572 назв.) и в подстроч. примеч.
606 1 _aЭлектронные средства массовой информации и политика
_92333582
_3RU\NLR\AUTH\6601619335
607 _aРоссийская Федерация
_xПолитические процессы
_92073289
_3RU\NLR\AUTH\661248178
686 1 _aФ3(2)3
686 1 _aЧ600.0
700 1 _aМалькевич
_bА. А.
_gАлександр Александрович
942 _cBOOK
980 _aNB